000 00313 a2200157 4500
001 163073
020 _a
040 _cMagnum
100 _a-
240 1 0 _aBoas maneiras
_lpor
245 1 0 _aBoas maneiras
362 0 _a1899
440 1 _aAo Livro Técnico
697 _aI/SOCIEDADE, COTIDIANO
942 _cBK
999 _c163073
_d163073